Countries With no "A" in Alphabetical Order - Statistics

General Stats
  • This quiz has been taken 16 times
    14 since last reset
  • The average score is 26 of 30
Answer Stats
Answer % Correct
Belgium
100%
Benin
92%
Chile
92%
Comoros
92%
Cyprus
92%
Djibouti
92%
Egypt
92%
Fiji
92%
Lesotho
92%
Liechtenstein
92%
Mexico
92%
Morocco
92%
Philippines
92%
Turkey
92%
Yemen
92%
Belize
83%
Brunei
83%
Burundi
83%
Czech Republic
83%
Greece
83%
Kosovo
83%
Luxembourg
83%
Niger
83%
Peru
83%
Sweden
83%
United Kingdom
83%
Montenegro
75%
Togo
75%
Seychelles
67%
Republic of the Congo
50%
No matching quizzes found
Score Distribution
Percent of People with Each Score
Percentile by Number Answered
Your Score History
You have not taken this quiz since the last reset